00687 2200241 4500001002100000005001500021020002200036035002400058040001200082082001800094084002200112090002200134100001600156245009800172250001100270260003300281300004000314650002500354700001800379990001600397990001600413990001600429YOGYA00000000009970220140823124412 a978-602-8545-36-5 0010-101300000000595 aYOPDYOG 2[22]a899.222 aYOG 899.222 Edi S aYOG 899.222 Edi S aEDI SUWATNO aSaking gugon tuhon dumugi facebookbJurnalisme lumantar basa JawacEdi Suwatno, Edi Setiyanto aCet.1. aYogyakartabGava Mediac2010 axi, 143 hlm.bilus.c21 cm (3 eks.) aSastra Jawa-Antologi aEdi Setiyanto a2425/B.2013 a2426/B.2013 a2427/B.2013